000 01057nam a22002177a 4500
005 20250329131627.0
008 240905b ||||| |||| 00| 0 eng d
082 _aDPer 621.317 Ie21 December 2022 v.37 n. 12 part 1&2.
100 _aBegh, Mirza Abdul Waris.
_eauthor.
_960232
245 _aGradient-based predictive pulse pattern control medium-voltage drives-part I :
_bcontrol, concept, and analysis /
_cMirza Abdul Waris Begh, Petros Karamanakos, and Tobias Geyer.
260 _aNew York ;
_bThe Institute of Electrical and Electronics Engineers, Inc.,
_cDecember 2022.
300 _avolume 37, pages 14222-14236,
_billustration.
500 _aIEEE Transactions on Power Electronics, v. 37 n. 12, pages 14222-14236, December 2022.
650 0 _aMedium-voltage (MV) drives.
_966023
650 0 _aoptimal control.
_966024
650 0 _areference trajectory tracking.
_966025
700 _aBegh, Mirza Abdul Waris.
_eauthor.
_960232
700 _aKaramanakos, Petros.
_eauthor.
_960233
700 _aGeyer, Tobias.
_eauthor.
_960234
942 _2ddc
_cPER
999 _c21342
_d21342